Izučenije opolznej geofizičeskimi metodami /
Uložené v:
| Hlavný autor: | |
|---|---|
| Médium: | Kniha |
| Jazyk: | Russian |
| Vydané: |
Moskva :
Nedra,
1987
|
| Vydanie: | 1. izd. |
| ISBN: |
(brož.) |
| Fyzický popis: |
155 s. |
| Tagy: |
Pridať tag
Žiadne tagy, Buďte prvý kto otaguje tento záznam!
|
Titul je dostupný aj v ... 

MARC
| LEADER | 00000nam a2200000 a 4500 | ||
|---|---|---|---|
| 001 | 000297421 | ||
| 005 | 20070620130830.0 | ||
| 008 | 070620s1987 ru e 000 0 ruso | ||
| 020 | |a (brož.) | ||
| 040 | |a SVKKK |b slo |c SVKKK |e AACR2 | ||
| 041 | 0 | |a rus | |
| 044 | |a ru |c RU | ||
| 100 | 1 | |a Gorjainov, Nikolaj Nikolajevič |4 aut | |
| 245 | 1 | 0 | |a Izučenije opolznej geofizičeskimi metodami / |c Nikolaj Nikolajevič Gorjainov ... [et al.] |
| 250 | |a 1. izd. | ||
| 260 | |a Moskva : |b Nedra, |c 1987 | ||
| 300 | |a 155 s. | ||
| 998 | |a BK | ||
| 090 | |g SCKHL |k Sklad Pribinova 2. posch. |a III.139925 |j 765966 |i B108145 |4 Zastaraná |s Vyradená | ||